Quan hệ giữa các yếu tố kinh tế vĩ mô và biến động thị trường chứng khoán - bằng chứng nghiên cứu từ thị trường Việt Nam
Sparad:
| Huvudupphovsman: | |
|---|---|
| Materialtyp: | Bok |
| Språk: | Undetermined |
| Ämnen: | |
| Länkar: | http://lrc.tdmu.edu.vn/opac/search/detail.asp?aID=2&ID=20123 |
| Taggar: |
Lägg till en tagg
Inga taggar, Lägg till första taggen!
|
| Thư viện lưu trữ: | Trung tâm Học liệu Trường Đại học Thủ Dầu Một |
|---|
| LEADER | 00780nam a2200145Ia 4500 | ||
|---|---|---|---|
| 001 | TDMU_20123 | ||
| 008 | 210410s9999 xx 000 0 und d | ||
| 082 | |a 339 | ||
| 100 | |a Nguyễn, Văn Điệp | ||
| 245 | 0 | |a Quan hệ giữa các yếu tố kinh tế vĩ mô và biến động thị trường chứng khoán - bằng chứng nghiên cứu từ thị trường Việt Nam | |
| 245 | 0 | |c Nguyễn Văn Điệp | |
| 300 | |a Tr.42-50 | ||
| 650 | |a Kinh tế; Biến động; Chứng khoán; Kinh tế vĩ mô |x Thị trường chứng khoán |x Nghiên cứu |z Việt Nam | ||
| 856 | |u http://lrc.tdmu.edu.vn/opac/search/detail.asp?aID=2&ID=20123 | ||
| 980 | |a Trung tâm Học liệu Trường Đại học Thủ Dầu Một | ||